Organic coating technology. V 1. Oils resins varnishes and polymers. V 2. Pigments and pigmented coatings (Record no. 30604)

MARC details
000 -LEADER
fixed length control field 00470nam a2200157Ia 4500
082 ## - DEWEY DECIMAL CLASSIFICATION NUMBER
Classification number 667.638
Item number PAY
100 ## - MAIN ENTRY--AUTHOR NAME
Personal name Payne, Henry Fleming
245 #0 - TITLE STATEMENT
Title Organic coating technology. V 1. Oils resins varnishes and polymers. V 2. Pigments and pigmented coatings
260 ## - PUBLICATION, DISTRIBUTION, ETC. (IMPRINT)
Place of publication New York
Name of publisher John Wiley
Year of publication 1954
505 ## - FORMATTED CONTENTS NOTE
Formatted contents note set price
650 ## - SUBJECT ADDED ENTRY--TOPICAL TERM
Topical Term Pigmented coatings
650 ## - SUBJECT ADDED ENTRY--TOPICAL TERM
Topical Term Pigments
650 ## - SUBJECT ADDED ENTRY--TOPICAL TERM
Topical Term Varnishes
942 ## - ADDED ENTRY ELEMENTS (KOHA)
Koha item type Books
Holdings
Withdrawn status Lost status Damaged status Not for loan Home library Current library Date acquired Cost, normal purchase price Full call number Accession Number Koha item type
        RRII Library RRII Library 16/12/2021 66.50 667.638 PAY 11175 Books